<?xml version="1.0" encoding="UTF-8"?>
<record
    xmlns:xsi="http://www.w3.org/2001/XMLSchema-instance"
    xsi:schemaLocation="http://www.loc.gov/MARC21/slim http://www.loc.gov/standards/marcxml/schema/MARC21slim.xsd"
    xmlns="http://www.loc.gov/MARC21/slim">

  <leader>01330nac a22002777a 4500</leader>
  <controlfield tag="003">Co-PeBPM</controlfield>
  <controlfield tag="005">20240714030209.0</controlfield>
  <controlfield tag="007">ta</controlfield>
  <controlfield tag="008">240714s2013    ck a|||| |||| 00| 0 spa d</controlfield>
  <datafield tag="020" ind1=" " ind2=" ">
    <subfield code="a">9788415601142</subfield>
  </datafield>
  <datafield tag="040" ind1=" " ind2=" ">
    <subfield code="a">Co-PeBPM</subfield>
    <subfield code="b">spa</subfield>
    <subfield code="c">Co-PeBPM</subfield>
    <subfield code="e">rda</subfield>
  </datafield>
  <datafield tag="082" ind1="0" ind2="4">
    <subfield code="a">813 F553r</subfield>
    <subfield code="2">22</subfield>
  </datafield>
  <datafield tag="100" ind1="1" ind2=" ">
    <subfield code="a">Fitzgerald, Francis Scott</subfield>
    <subfield code="d">1896-1940</subfield>
    <subfield code="e">autor</subfield>
  </datafield>
  <datafield tag="245" ind1="1" ind2="0">
    <subfield code="a">El gran Gatsby </subfield>
    <subfield code="c">/ F. Scott Fitzgerald; traducci&#xF3;n de Justo Navarro; ilustraciones de Jonny Ruzzo</subfield>
  </datafield>
  <datafield tag="260" ind1=" " ind2=" ">
    <subfield code="a">Bogot&#xE1;, Colombia</subfield>
    <subfield code="b"> : Siglo Hombre Editores,</subfield>
    <subfield code="c">2013</subfield>
  </datafield>
  <datafield tag="300" ind1=" " ind2=" ">
    <subfield code="a">166 p&#xE1;ginas </subfield>
    <subfield code="b">ilustraciones a color</subfield>
    <subfield code="c">24 cent&#xED;metros</subfield>
  </datafield>
  <datafield tag="490" ind1=" " ind2=" ">
    <subfield code="a">Leer es mi cuento</subfield>
  </datafield>
  <datafield tag="500" ind1=" " ind2=" ">
    <subfield code="a">Edici&#xF3;n especial. Colecci&#xF3;n para la Primera Infancia del Ministerio de Cultura. Plan Nacional de Lectura y Escritura Leer es mi Cuento, 2013</subfield>
  </datafield>
  <datafield tag="520" ind1=" " ind2=" ">
    <subfield code="a">Gay Gatsby representa lo mejor y lo peor del sue&#xF1;o americano, con su disposici&#xF3;n a acumular dinero y gastarlo con ostentaci&#xF3;n a fin de perseguir lo &#xFA;nico que en realidad le inter&#xE9;s en la vida: el amor de la hermosa pero fr&#xED;vola Daisy Buchanan... tomado de la contracubierta del libro</subfield>
  </datafield>
  <datafield tag="521" ind1=" " ind2=" ">
    <subfield code="a">Recomendado para j&#xF3;venes y adultos</subfield>
  </datafield>
  <datafield tag="650" ind1="1" ind2="4">
    <subfield code="a">Novela estadounidense</subfield>
    <subfield code="2">Lemb</subfield>
  </datafield>
  <datafield tag="650" ind1="1" ind2="4">
    <subfield code="a">Riqueza</subfield>
    <subfield code="2">Lemb</subfield>
  </datafield>
  <datafield tag="700" ind1=" " ind2=" ">
    <subfield code="a">Navarro, Justo</subfield>
    <subfield code="e">traducci&#xF3;n</subfield>
  </datafield>
  <datafield tag="700" ind1=" " ind2=" ">
    <subfield code="a">Ruzzo, Jonny</subfield>
    <subfield code="e">ilustraciones</subfield>
  </datafield>
  <datafield tag="942" ind1=" " ind2=" ">
    <subfield code="2">ddc</subfield>
    <subfield code="c">BK</subfield>
    <subfield code="n">0</subfield>
  </datafield>
  <datafield tag="952" ind1=" " ind2=" ">
    <subfield code="0">0</subfield>
    <subfield code="1">0</subfield>
    <subfield code="2">ddc</subfield>
    <subfield code="4">0</subfield>
    <subfield code="7">0</subfield>
    <subfield code="a">BRC</subfield>
    <subfield code="b">BRC</subfield>
    <subfield code="d">2023-07-13</subfield>
    <subfield code="e">Donaci&#xF3;n</subfield>
    <subfield code="l">1</subfield>
    <subfield code="o">813 F553r</subfield>
    <subfield code="p">60119</subfield>
    <subfield code="r">2024-12-12 15:14:32</subfield>
    <subfield code="s">2024-12-04</subfield>
    <subfield code="t">Ej.1</subfield>
    <subfield code="w">2024-07-14</subfield>
    <subfield code="y">BK</subfield>
  </datafield>
  <datafield tag="999" ind1=" " ind2=" ">
    <subfield code="c">59348</subfield>
    <subfield code="d">59348</subfield>
  </datafield>
</record>
